000 00631nam a2200205Ia 4500
003 IN-BaIIA
008 211028s9999 xx 000 0 eng d
040 _cIIA Library
080 _a530.12
_bEDD
100 _aEddington, Arthur
_96144
245 0 _aSpace time and gravitation
_ban outline of the general relativity theory
_cArthur Eddington
260 _aCambridge
_bCambridge University Press
_c1966
300 _avi, 218p.
650 _aGravitation
650 _aNASA Thesaurus
650 _aQuantum mechanics
650 _aRelativity
650 _aSpace time
_94080
942 _cBK
999 _c3473
_d3473